<?xml version="1.0" encoding="UTF-8"?>
<record
    xmlns:xsi="http://www.w3.org/2001/XMLSchema-instance"
    xsi:schemaLocation="http://www.loc.gov/MARC21/slim http://www.loc.gov/standards/marcxml/schema/MARC21slim.xsd"
    xmlns="http://www.loc.gov/MARC21/slim">

  <leader>00466nam a22001697a 4500</leader>
  <controlfield tag="005">20251210173034.0</controlfield>
  <controlfield tag="008">200521b        xxu||||| |||| 00| 0 eng d</controlfield>
  <datafield tag="020" ind1=" " ind2=" ">
    <subfield code="a">9789388983327</subfield>
  </datafield>
  <datafield tag="041" ind1=" " ind2=" ">
    <subfield code="a">eng</subfield>
  </datafield>
  <datafield tag="082" ind1=" " ind2=" ">
    <subfield code="a">336.2 SIN</subfield>
  </datafield>
  <datafield tag="100" ind1=" " ind2=" ">
    <subfield code="a">SInghania ,Dr. Vinod K and Singhania ,Dr. Kapil</subfield>
    <subfield code="9">5734</subfield>
  </datafield>
  <datafield tag="245" ind1=" " ind2=" ">
    <subfield code="a">Student Guide to Income Tax Including GST(61st ed)</subfield>
  </datafield>
  <datafield tag="250" ind1=" " ind2=" ">
    <subfield code="a">61'th ed. AND 73RD ED.</subfield>
  </datafield>
  <datafield tag="260" ind1=" " ind2=" ">
    <subfield code="a">New Delhi</subfield>
    <subfield code="b">Taxman</subfield>
    <subfield code="c">2019</subfield>
  </datafield>
  <datafield tag="650" ind1=" " ind2=" ">
    <subfield code="a">Law</subfield>
  </datafield>
  <datafield tag="942" ind1=" " ind2=" ">
    <subfield code="c">BK</subfield>
  </datafield>
  <datafield tag="999" ind1=" " ind2=" ">
    <subfield code="c">6396</subfield>
    <subfield code="d">6394</subfield>
  </datafield>
  <datafield tag="952" ind1=" " ind2=" ">
    <subfield code="0">0</subfield>
    <subfield code="1">0</subfield>
    <subfield code="4">0</subfield>
    <subfield code="7">0</subfield>
    <subfield code="8">LAW</subfield>
    <subfield code="a">JRU</subfield>
    <subfield code="b">JRU</subfield>
    <subfield code="c">SHELF-32-E</subfield>
    <subfield code="d">2020-06-02</subfield>
    <subfield code="e">PURCHASE</subfield>
    <subfield code="g">1295.00</subfield>
    <subfield code="l">8</subfield>
    <subfield code="m">3</subfield>
    <subfield code="o">336.2 SIN</subfield>
    <subfield code="p">24250</subfield>
    <subfield code="r">2025-12-24 06:06:54</subfield>
    <subfield code="s">2025-08-07</subfield>
    <subfield code="w">2020-06-02</subfield>
    <subfield code="y">BK</subfield>
  </datafield>
  <datafield tag="952" ind1=" " ind2=" ">
    <subfield code="0">0</subfield>
    <subfield code="1">0</subfield>
    <subfield code="4">0</subfield>
    <subfield code="7">0</subfield>
    <subfield code="8">LAW</subfield>
    <subfield code="a">JRU</subfield>
    <subfield code="b">MAIN</subfield>
    <subfield code="c">SHELF-32-E</subfield>
    <subfield code="d">2020-06-02</subfield>
    <subfield code="e">PURCHASE</subfield>
    <subfield code="g">1295.00</subfield>
    <subfield code="l">10</subfield>
    <subfield code="m">7</subfield>
    <subfield code="o">336.2 SIN</subfield>
    <subfield code="p">24251</subfield>
    <subfield code="r">2025-11-11 12:54:22</subfield>
    <subfield code="s">2025-10-09</subfield>
    <subfield code="w">2020-06-02</subfield>
    <subfield code="y">BK</subfield>
  </datafield>
  <datafield tag="952" ind1=" " ind2=" ">
    <subfield code="0">0</subfield>
    <subfield code="1">0</subfield>
    <subfield code="4">0</subfield>
    <subfield code="7">0</subfield>
    <subfield code="8">REF</subfield>
    <subfield code="a">JRU</subfield>
    <subfield code="b">JRU</subfield>
    <subfield code="c">SHELF-1-D</subfield>
    <subfield code="d">2020-06-02</subfield>
    <subfield code="e">PURCHASE</subfield>
    <subfield code="g">1295.00</subfield>
    <subfield code="l">2</subfield>
    <subfield code="m">2</subfield>
    <subfield code="o">336.2 SIN</subfield>
    <subfield code="p">24252</subfield>
    <subfield code="r">2026-04-25 14:55:12</subfield>
    <subfield code="s">2023-11-29</subfield>
    <subfield code="w">2020-06-02</subfield>
    <subfield code="y">BK</subfield>
  </datafield>
  <datafield tag="952" ind1=" " ind2=" ">
    <subfield code="0">0</subfield>
    <subfield code="1">0</subfield>
    <subfield code="4">0</subfield>
    <subfield code="7">0</subfield>
    <subfield code="8">MANAGEMENT</subfield>
    <subfield code="a">JRU</subfield>
    <subfield code="b">JRU</subfield>
    <subfield code="c">SHELF-15-C</subfield>
    <subfield code="d">2025-12-08</subfield>
    <subfield code="e">PURCHASE</subfield>
    <subfield code="g">1995.00</subfield>
    <subfield code="h">LBI/000812 date-06/12/2025     </subfield>
    <subfield code="l">0</subfield>
    <subfield code="o">336.2 SIN</subfield>
    <subfield code="p">29268</subfield>
    <subfield code="r">2025-12-08 11:38:19</subfield>
    <subfield code="w">2025-12-08</subfield>
    <subfield code="y">BK</subfield>
  </datafield>
</record>
